| 000 | 00624nam a2200205Ia 4500 | ||
|---|---|---|---|
| 005 | 20260415160325.0 | ||
| 008 | 008 250505s9999 xx 000 0 eng d | ||
| 037 | _aTextual | ||
| 040 |
_aFEDL _beng _cFEDL |
||
| 041 |
_aeng _2eng |
||
| 084 |
_a371.2 EDM _qFEDL |
||
| 100 |
_aEdmonson J B _992410 |
||
| 245 | 0 | _aAdministration of the modern secondary school | |
| 260 |
_aNew York, USA _bThe Macmillan Company _c1947 |
||
| 300 | _axi,659p | ||
| 650 | _aSchool Administration | ||
| 700 |
_a Roemer Joseph Bacon Francis L _9756066 |
||
| 942 |
_cTEXL _h371.2 EDM |
||
| 999 |
_c1321662 _d1321662 |
||